[Event "Israel-ch Women 2021"]
[Site "Haifa"]
[Date "2021.03.11"]
[Round "5.20"]
[White "Orian, Noga"]
[Black "Kochavi, Dana"]
[Result "1/2-1/2"]
[WhiteElo "1658"]
[BlackElo "1572"]
[Annotator "NA RC"]
[PlyCount "116"]
[EventDate "2021.01.10"]
[EventType "swiss"]
[EventCountry "ISR"]
[SourceTitle "playchess.com"]
[Source "ChessBase"]
[SourceQuality "1"]
[TimeControl "40/5400+30:3600+30"]

1. d4 {[%emt 0:00:00]} Nf6 {[%emt 0:00:00]} 2. c4 {[%emt 0:00:00]} e6 {[%emt 0:00:00]} 3. Nc3 {[%emt 0:00:00]} Bb4 {[%emt 0:00:00]} 4. e3 {[%emt 0:00:00]} c5 {[%emt 0:00:00]} 5. Bd3 {[%emt 0:00:04]} O-O {[%emt 0:00:08]} 6. Nf3 {[%emt 0:00:13]} b6 {[%emt 0:01:14]} 7. a3 {[%emt 0:00:29]} Bxc3+ {[%emt 0:00:04]} 8. bxc3 {[%emt 0:00:06]} Bb7 {[%emt 0:00:27]} 9. O-O {[%emt 0:00:27]} d6 {[%emt 0:06:09]} 10. Qe2 {[%emt 0:02:50]} Nbd7 {[%emt 0:02:06]} 11. e4 {[%emt 0:01:20]} e5 {[%emt 0:00:59]} 12. d5 {[%emt 0:00:36]} h6 {[%emt 0:01:41]} 13. Ne1 {[%emt 0:03:11]} Re8 {[%emt 0:03:16]} 14. Nc2 {[%emt 0:11:57]} Nf8 {[%emt 0:02:09]} 15. Ne3 {[%emt 0:03:49]} Bc8 {[%emt 0:07:08]} 16. g4 {[%emt 0:07:53]} g6 {[%emt 0:14:09]} 17. Kh1 {[%emt 0:08:34]} N8h7 {[%emt 0:05:29]} 18. f3 {[%emt 0:01:58]} h5 {[%emt 0:13:38]} 19. Bc2 {[%emt 0:22:45]} h4 {[%emt 0:10:03]} 20. Ba4 {[%emt 0:23:11]} Bd7 {[%emt 0:03:04]} 21. Bxd7 {[%emt 0:00:06]} Nxd7 {[%emt 0:00:05]} 22. g5 {[%emt 0:09:28]} Kg7 {[%emt 0:06:32]} 23. Rg1 {[%emt 0:00:24]} Rh8 {[%emt 0:01:01]} 24. Qf2 {[%emt 0:01:03]} Qc8 {[%emt 0:22:38]} 25. Qxh4 {[%emt 0:00:44]} Nhf8 {[%emt 0:00:00]} 26. Qf2 {[%emt 0:01:52]} a6 {[%emt 0:01:00]} 27. a4 {[%emt 0:00:00]} Rb8 {[%emt 0:00:00]} 28. Rb1 {[%emt 0:00:00]} Qe8 {[%emt 0:00:00]} 29. Kg2 {[%emt 0:00:51]} Rb7 {[%emt 0:00:00]} 30. Kf1 {[%emt 0:00:23]} Nb8 {[%emt 0:00:00]} 31. Qe2 {[%emt 0:00:36]} Qxa4 {[%emt 0:00:00]} 32. Bd2 {[%emt 0:00:36]} Qd7 {[%emt 0:00:00]} 33. Rg3 {[%emt 0:00:29]} a5 {[%emt 0:00:00]} 34. Ng4 {[%emt 0:00:31]} Nh7 {[%emt 0:00:00]} 35. Qg2 {[%emt 0:00:22]} Qa4 {[%emt 0:00:00]} 36. Qe2 {[%emt 0:00:34]} Qa2 {[%emt 0:00:00]} 37. Re1 {[%emt 0:00:29]} Qb3 {[%emt 0:00:00]} 38. Kf2 {[%emt 0:00:33]} a4 {[%emt 0:00:00]} 39. Rgg1 {[%emt 0:00:22]} a3 {[%emt 0:00:00]} 40. Rb1 {[%emt 0:00:27]} Qa4 {[%emt 0:00:00]} 41. Ra1 {[%emt 0:42:35]} a2 {[%emt 0:33:49]} 42. Be3 {[%emt 0:05:03]} Ra7 {[%emt 0:00:17]} 43. Rgc1 {[%emt 0:00:17]} f5 {[%emt 0:01:39]} 44. gxf6+ {[%emt 0:01:50]} Nxf6 {[%emt 0:00:10]} 45. Kg1 {[%emt 0:00:20]} Nxg4 {[%emt 0:01:58]} 46. fxg4 {[%emt 0:00:02]} Qb3 {[%emt 0:00:19]} 47. Bg5 {[%emt 0:03:34]} Nd7 {[%emt 0:09:10]} 48. h4 {[%emt 0:00:56]} Nf8 {[%emt 0:04:08]} 49. h5 {[%emt 0:06:21]} gxh5 {[%emt 0:00:37]} 50. gxh5 {[%emt 0:00:02]} Kh7 {[%emt 0:00:24]} 51. Qf1 {[%emt 0:02:14]} Rg7 {[%emt 0:00:57]} 52. Qf5+ {[%emt 0:00:20]} Kg8 {[%emt 0:00:11]} 53. Rf1 {[%emt 0:00:35]} Rxh5 {[%emt 0:01:06]} 54. Qxf8+ {[%emt 0:02:33]} Kh7 {[%emt 0:00:02]} 55. Qf5+ {[%emt 0:00:49]} Kh8 {[%emt 0:00:37]} 56. Qf8+ {[%emt 0:00:38]} Kh7 {[%emt 0:00:13]} 57. Qf5+ {[%emt 0:00:29]} Kh8 {[%emt 0:00:07]} 58. Qf8+ {[%emt 0:00:35]} Kh7 {[%emt 0:00:05]} 1/2-1/2

[Event "Israel-ch Women 2021"]
[Site "Haifa"]
[Date "2021.03.11"]
[Round "5.21"]
[White "Gadasi, Noam"]
[Black "Haitovich, Avital"]
[Result "1-0"]
[WhiteElo "1781"]
[BlackElo "1981"]
[Annotator "TA"]
[PlyCount "136"]
[EventDate "2021.01.10"]
[EventType "swiss"]
[EventCountry "ISR"]
[SourceTitle "playchess.com"]
[Source "ChessBase"]
[SourceQuality "1"]

{[%evp 14,136,13,14,41,48,53,53,62,74,78,52,59,16,38,35,43,39,52,44,82,55,48,49,52,48,70,56,71,47,71,70,78,66,77,66,124,115,120,113,112,95,97,96,101,101,133,131,116,116,142,129,135,141,147,118,159,157,159,158,178,178,160,143,220,175,224,204,217,194,212,193,199,201,186,129,129,125,126,86,137,6,34,9,239,239,239,239,239,228,231,233,223,205,206,202,383,395,387,394,317,202,1804,1741,2097,1898,2077,1873,1767,1645,1608,1597,29964,12369,29976,29977,29981,29982,29982,29983,29983,29984,29988,29989,29989]} 1. e4 e5 2. Nf3 d6 3. d4 exd4 4. Nxd4 Nf6 5. Bd3 Be7 6. O-O O-O 7. Nc3 a6 8. a4 c5 {C41: Philidor Defence.} 9. Nde2 Nc6 10. Nf4 Ne5 {White is slightly better.} 11. Be2 {[#]} Re8 $146 ({Predecessor:} 11... b6 12. f3 Bb7 13. Be3 Qc7 14. Qd2 Rad8 15. Nfd5 Nxd5 16. Nxd5 Bxd5 17. Qxd5 a5 {1-0 (35) Yloenen,O (1641)-Malyszek,T (956) LSS email 2013}) 12. b3 Bf8 13. Nfd5 Nxd5 14. Nxd5 Nc6 15. f3 Rb8 16. Bb2 Qh4 17. Qe1 Qxe1 18. Rfxe1 Be6 19. Rad1 Bxd5 20. Rxd5 ({Much weaker is} 20. exd5 $6 Nb4 $11) 20... b5 {Black wants to play ...bxa4.} 21. Ra1 Rb6 22. Bf1 Rd8 23. Rd2 Be7 24. f4 f6 (24... g6 $14) 25. g3 $16 Kf7 26. axb5 axb5 27. Bg2 Ke8 28. Bc3 b4 29. Bb2 Kf7 30. Bf1 Ke8 31. Bc4 Kf8 32. Ra4 Ke8 33. Rd1 Rdb8 34. Rda1 Kd8 35. Bd5 Kc7 36. Kg2 Bf8 37. Kf3 Be7 38. Kg4 g6 (38... Kd7 $16 39. Bc4 Bd8) 39. h3 Bd8 40. Kf3 Be7 41. Ra6 Bd8 42. g4 Be7 43. Kg3 Rf8 44. Bxc6 ({White should play} 44. R6a4 $18) 44... Kxc6 45. Ra7 Rb7 46. f5 gxf5 (46... Rxa7 $142 47. Rxa7 Re8) 47. gxf5 ({White should try} 47. R1a6+ $16 Kc7 48. exf5) 47... Rg8+ 48. Kf2 (48. Kf3 {is more complex.} Rxa7 49. Rxa7 Re8 50. Bc1 h5 51. Be3) 48... Rd8 $2 {Loses the game.} (48... Rxa7 $11 {and Black is okay.} 49. Rxa7 Re8) 49. Rxb7 $1 $18 Kxb7 {[%mdl 4096] Endgame [#] KRB-KRB} 50. Rg1 $1 {[%cal Rg1g7]} Re8 51. Rg7 {aiming for Bxf6.} Kc6 52. Rxh7 d5 53. exd5+ Kxd5 {[#]} 54. Kf3 c4 $2 (54... Bd6 55. Bxf6 Re1) 55. bxc4+ Kxc4 56. Rh4+ Kd5 57. Re4 Rc8 $2 (57... Rg8 58. Rxe7 Rh8) 58. Rxe7 Rxc2 59. Bxf6 {KRB-KR} Rc6 60. Re6 {Rxc6 would kill now.} Rc1 61. Kg4 Rg1+ 62. Kh5 Rf1 63. Kg6 Rg1+ 64. Bg5 {White mates.} b3 65. Rb6 Rg3 66. h4 Rc3 67. f6 Kc5 68. Rb8 Kd5 {Weighted Error Value: White=0.14/Black=0.27} 1-0

[Event "Israel-ch Women 2021"]
[Site "Haifa"]
[Date "2021.03.11"]
[Round "5.22"]
[White "Vardi, Shlomit"]
[Black "Aleksandrova, Aleksandra"]
[Result "1-0"]
[WhiteElo "1901"]
[BlackElo "1769"]
[Annotator "TA"]
[PlyCount "41"]
[EventDate "2021.01.10"]
[EventType "swiss"]
[EventCountry "ISR"]
[SourceTitle "playchess.com"]
[Source "ChessBase"]
[SourceQuality "1"]

{[%evp 9,41,63,87,84,70,97,104,83,75,88,187,150,131,145,208,195,277,249,267,260,320,330,353,337,349,321,737,706,702,691,660,540,1031,1000]} 1. e4 d5 2. Nc3 d4 3. Nce2 c6 {[#]} 4. c3 $146 ({Predecessor:} 4. d3 Nf6 5. Nf3 Bg4 6. Nf4 e5 7. Ne2 Bxf3 8. gxf3 Bc5 9. Bg5 O-O 10. Qd2 Be7 11. O-O-O h6 12. Bxh6 gxh6 {1-0 (26) Stepnickova,M (1100)-Cemusova,N (1100) Sec u Chrudimi 2007}) 4... dxc3 5. bxc3 e5 6. Nf3 {A00: Irregular Openings.} Nf6 7. Ng3 Nbd7 8. Bc4 {White is better.} b5 9. Bb3 {Ng5 is the strong threat.} Bc5 (9... c5 $16 {is a better defense.}) 10. O-O $18 O-O 11. d4 exd4 (11... Bd6 $16 12. Bxf7+ Rxf7) 12. cxd4 Bb6 (12... Be7 $142 13. Bf4 a6) 13. e5 Nd5 14. Qd3 a5 15. Ng5 {[%csl Gg5][%cal Rd3h7]} g6 16. Bxd5 cxd5 {[#]} 17. Nf5 $1 {[%mdl 512]} gxf5 $2 (17... Qe8 18. Qf3 Bd8) 18. Qh3 {[%csl Gg5][%cal Rh3h7] White is clearly winning.} Qxg5 19. Bxg5 Bxd4 20. Qg3 {[%csl Ge5][%cal Rg5f6]} Bxe5 21. Bf4+ {[%mdl 64] Discovered Attack.  Weighted Error Value: White=0.13/Black=0.35} 1-0

[Event "Israel-ch Women 2021"]
[Site "Haifa"]
[Date "2021.03.11"]
[Round "5.23"]
[White "Levitan, Ronit"]
[Black "Shaul Seidner, Liad"]
[Result "1-0"]
[WhiteElo "2048"]
[BlackElo "1687"]
[Annotator "TA"]
[PlyCount "43"]
[EventDate "2021.01.10"]
[EventType "swiss"]
[EventCountry "ISR"]
[SourceTitle "playchess.com"]
[Source "ChessBase"]
[SourceQuality "1"]

{[%evp 15,43,150,169,181,200,145,153,156,274,276,437,434,341,329,763,775,766,770,868,806,884,873,845,721,738,706,913,884,1126,1134]} 1. e4 c5 2. c3 d5 3. exd5 Qxd5 4. d4 Nc6 5. Nf3 cxd4 6. cxd4 Bg4 7. Nc3 Qa5 8. d5 Ne5 9. Qb3 {[#] B22: Sicilian: 2 c3.} Nd7 $146 ({Predecessor:} 9... Nxf3+ 10. gxf3 Bd7 11. Qxb7 Rc8 12. Bb5 Qc7 13. Qxc7 Rxc7 14. Bf4 Rb7 15. Bxd7+ Rxd7 16. O-O-O Nf6 {½-½ (41) Langrock,H (2261)-Buhr,C (2392) Hamburg 2001}) 10. Qxb7 Rb8 11. Qc6 {[#] Black must now prevent Ne5.White is clearly better.} Bxf3 (11... e5 $16) 12. gxf3 $18 {Hoping for Bf4.} Qb6 (12... Kd8 $142 13. Bf4 Rc8) 13. Bb5 {[%csl Gb5][%cal Rc6d7]} Ngf6 14. Bf4 Rd8 (14... Kd8 15. Bxb8 Qxc6) 15. Bc7 {[%mdl 64] [#] Double Attack. White is clearly winning.} Qxc6 16. dxc6 Rc8 17. cxd7+ Nxd7 18. Ba5 a6 19. Ba4 Rc5 20. Bb6 Re5+ 21. Be3 Re6 22. Ne4 {Weighted Error Value: White=0.15/Black=0.72} 1-0

[Event "Israel-ch Women 2021"]
[Site "Haifa"]
[Date "2021.03.12"]
[Round "6.1"]
[White "Shvayger, Yuliya"]
[Black "Federovski, Adi"]
[Result "1-0"]
[WhiteElo "2327"]
[BlackElo "1995"]
[Annotator "TA"]
[PlyCount "131"]
[EventDate "2021.01.10"]
[EventType "swiss"]
[EventCountry "ISR"]
[SourceTitle "playchess.com"]
[Source "ChessBase"]
[SourceQuality "1"]

{[%evp 9,131,5,11,9,45,33,64,58,60,39,39,38,43,45,41,39,39,17,32,0,0,0,5,10,27,0,-18,-13,0,0,11,-32,5,-4,20,-6,57,62,43,19,68,-52,-50,-60,45,18,22,21,76,55,50,46,183,123,216,125,150,136,245,116,175,178,183,75,156,126,142,111,122,104,158,0,132,141,224,174,397,392,351,361,352,363,372,334,646,344,497,460,406,239,379,368,379,374,626,618,478,407,723,702,776,767,826,726,5293,5114,6157,6157,29977,29978,29978,29977,29978,29979,29980,29981,29981,29982,29982,29983,29983,29984,29984,29981]} 1. e4 c5 2. Nf3 Nc6 3. Bb5 g6 4. Bxc6 bxc6 5. d4 Bg7 6. dxc5 {B31: Sicilian: 2...Nc6 3 Bb5 g6.} Ba6 7. Nbd2 Qa5 8. Rb1 $1 {White is slightly better.} Qxc5 9. b4 Qb6 10. c4 Nf6 11. Bb2 O-O 12. O-O {[#]} Rfd8 $146 ({Predecessor:} 12... Rab8 13. Bd4 Qc7 14. Re1 Ng4 15. Bxg7 Kxg7 16. h3 Ne5 17. Nxe5 Qxe5 18. Nf3 Qc7 {1-0 (63) Salomon,J (2495)-Chittka,J (2268) Reykjavik 2019}) 13. a4 d6 14. Qe2 e5 15. Bc3 Nh5 16. g3 Bc8 17. Kg2 Qc7 18. b5 cxb5 19. axb5 Qd7 20. Rfd1 Qh3+ 21. Kh1 Bh6 22. Ng1 {[#]} Qe6 (22... Nf4 $1 $11 23. Qf3 Qh5 24. Qxh5 (24. gxf4 Bg4 $11 {[%mdl 64] Skewer}) 24... Nxh5) 23. Nb3 $14 f5 24. f3 {White wants to play exf5.} Nf6 {next ...fxe4 is good for Black.} 25. Na5 (25. exf5 $1 $14 Qxf5 26. Ra1) 25... fxe4 $15 26. fxe4 Ng4 (26... Qg4 $15 27. Re1 Qxe2 28. Rxe2 Be6) 27. h3 {aiming for Nc6.} Nf6 $1 ({Don't go for} 27... Ne3 $2 28. Re1 $18) 28. Bd2 $36 {[%mdl 2048] Black is under pressure.} Nh5 29. Kh2 Bxd2 30. Rxd2 Qf6 (30... Rf8 $14) 31. Qe3 (31. Rb3 $18) 31... Be6 (31... Rf8 $16) 32. Rf2 ({White should play} 32. Nb7 $18) 32... Qg7 $16 33. Nf3 h6 (33... Rf8 $16) 34. Nh4 (34. Nc6 $18 {is more deadly.}) 34... Rac8 (34... Kh7 $16) 35. Nc6 $18 Rd7 36. Ra1 (36. c5 $1 $18 {and the rest is easy.}) 36... Rcc7 (36... Bxc4 $142 37. Rc1 Be6) 37. Ra4 Kh7 38. Rf3 Kg8 39. Qf2 Rf7 {[#]} (39... Kh7 $142) 40. Qe3 $2 (40. c5 $1 $16 {[%cal Rc5d6]} dxc5 41. Qxc5) 40... Rxf3 (40... Rfd7 $1 $11) 41. Nxf3 $16 {White stays focused until the end.} Qf7 (41... Nf6 $16 {was called for.}) 42. Nd2 (42. Qxh6 $2 Qxf3 43. Qxg6+ Kf8 $19) 42... g5 $2 {[#]} (42... Bd7) 43. Nd8 $1 $18 {[%cal Rd8f7]} Qf6 44. Nxe6 Qxe6 45. Rxa7 Rxa7 46. Qxa7 Qf6 $2 (46... Qf7 47. Qa8+ Kg7) 47. Qe3 Ng7 (47... Qf8 $142 48. Kg2 Nf6) 48. Kg2 Ne6 49. Qf2 (49. Qa7 $142) 49... Qe7 (49... Qxf2+ $142 50. Kxf2 Kf7) 50. Qf5 Kg7 51. Nf3 Nd4 $2 (51... Qf7 52. h4 gxh4 53. Nxh4 (53. gxh4 Nf4+ {[%mdl 64] Discovered Attack} 54. Kg3 Qc7 $14) 53... Kf8) 52. Nxd4 exd4 {[%mdl 4096] Endgame KQ-KQ} 53. Kf3 ({Weaker is} 53. Qd5 Qa7 $18) 53... Qa7 (53... Qe8 $142 54. g4 Qe7) 54. e5 dxe5 55. Qxe5+ Kg6 56. Ke4 Qd7 57. g4 Qb7+ 58. Kxd4 {Qe4+ would kill now.} Qb6+ 59. Kd5 {White mates.} Qb7+ 60. Kc5 Qa7+ 61. Kc6 Qa8+ 62. Kb6 Qd8+ 63. Qc7 Qd4+ 64. c5 Qe3 65. Qd6+ Kg7 66. Kb7 {Weighted Error Value: White=0.35/Black=0.55} 1-0

[Event "Israel-ch Women 2021"]
[Site "Haifa"]
[Date "2021.03.12"]
[Round "6.3"]
[White "Reprun, Nadejda"]
[Black "Gadasi, Noam"]
[Result "1/2-1/2"]
[WhiteElo "1968"]
[BlackElo "1781"]
[Annotator "TA"]
[PlyCount "110"]
[EventDate "2021.01.10"]
[EventType "swiss"]
[EventCountry "ISR"]
[SourceTitle "playchess.com"]
[Source "ChessBase"]
[SourceQuality "1"]

{[%evp 23,110,33,52,16,85,39,39,51,40,45,47,11,0,5,5,0,0,0,15,17,16,16,18,19,16,23,30,31,30,30,37,35,33,41,32,29,39,32,28,35,31,18,38,36,59,59,57,50,50,49,76,74,92,79,102,41,129,93,158,145,170,155,187,177,187,122,184,181,169,181,297,292,421,417,473,322,197,0,0,0,0,0,0,0,0,0,0,0,0]} 1. e4 c5 2. Nf3 d6 3. d4 cxd4 4. Nxd4 Nf6 5. Nc3 g6 6. Be3 Bg7 7. f3 O-O 8. Qd2 Nc6 9. Bc4 Bd7 10. h4 Ne5 11. Bb3 Qa5 12. O-O-O Rfc8 13. Bg5 {B79: Sicilian Dragon: Yugoslav Attack, 9 Bc4 Bd7 10 0-0-0 Qa5.} b5 {[#]} (13... Nc4 $11 14. Bxc4 Rxc4) 14. Bxf6 $146 (14. Nd5 {is interesting.} Qxd2+ 15. Rxd2 Kf8 16. Nxf6 exf6 17. Bf4) ({Predecessor:} 14. Nd5 Qd8 15. Nxf6+ exf6 16. Bh6 Nc4 17. Qf4 Bxh6 18. Qxh6 a5 19. Bxc4 bxc4 20. c3 {1-0 (33) Licina,A (2195)-Guid,M (2184) Bled 2001}) 14... Bxf6 15. Nd5 {White is slightly better.} Qxd2+ 16. Rxd2 Kg7 17. Nxf6 Kxf6 18. f4 Nc4 19. Bxc4 Rxc4 20. e5+ dxe5 21. fxe5+ Kg7 22. e6 fxe6 23. Re1 Rf8 24. b3 Rcc8 25. Nxe6+ Bxe6 26. Rxe6 $11 {[%mdl 4096] Endgame KRR-KRR} Rc7 27. Rde2 Rf1+ 28. Kb2 Kf7 29. R6e5 a6 30. h5 Rf5 31. hxg6+ hxg6 32. R5e4 Rf6 33. a4 bxa4 34. Rxa4 Rcc6 35. Rae4 e6 36. c4 Rb6 37. Kc3 Rc6 38. b4 Rf5 39. c5 (39. Ra2 $16) 39... Rf1 (39... a5 $1 $14) 40. R4e3 Rf5 (40... a5 $142) 41. Kc4 $16 Rf4+ 42. Re4 Rf5 43. R2e3 Ke7 44. Rg3 ({White should play} 44. Rf3 $18) 44... g5 (44... Rf1 $16 45. Rxg6 Rc1+ 46. Kb3 a5) 45. Reg4 $18 Kf6 46. Rf3 Rc8 (46... e5 {was called for.} 47. Rh3 Re6) 47. Rd4 Rxf3 (47... Ke7 {might work better.} 48. Rxf5 exf5) 48. gxf3 {KR-KR} Ke5 49. Re4+ Kf5 50. b5 $2 (50. Re3 $18) 50... axb5+ $11 {The position is equal.} 51. Kxb5 {[#] Black must now prevent c6.} e5 52. c6 Ke6 53. Kc5 Rf8 54. c7 Kd7 55. Rxe5 {[#] And now Kb6 would win.} Rxf3 {Blacks defense is rewarded with a draw.  Weighted Error Value: White=0.18/Black=0.25} 1/2-1/2

[Event "Israel-ch Women 2021"]
[Site "Haifa"]
[Date "2021.03.12"]
[Round "6.4"]
[White "Orian, Noga"]
[Black "Vardi, Shlomit"]
[Result "1-0"]
[WhiteElo "1658"]
[BlackElo "1901"]
[Annotator "TA"]
[PlyCount "57"]
[EventDate "2021.01.10"]
[EventType "swiss"]
[EventCountry "ISR"]
[SourceTitle "playchess.com"]
[Source "ChessBase"]
[SourceQuality "1"]

{[%evp 14,57,29,9,38,25,37,12,18,-13,-9,-21,0,-22,20,28,43,54,106,22,33,0,0,0,16,8,177,166,162,32,328,52,82,70,238,229,330,232,241,240,472,464,745,720,915,918]} 1. d4 g6 2. c4 Bg7 3. Nc3 d6 4. e4 Nf6 5. Nf3 O-O 6. Be2 e5 7. d5 a5 8. h3 Ne8 {E92: King's Indian: Classical: 6 Be2 e5: 7 dxe5, 7 Be3 and Petrosian System without 7...Nbd7.} 9. O-O Na6 10. Be3 f5 {The position is equal.} 11. exf5 gxf5 12. Bg5 Bf6 13. Qd2 {[#]} e4 $146 ({Predecessor:} 13... Bxg5 14. Qxg5+ Qxg5 15. Nxg5 Kh8 16. Nf3 Nf6 17. Nd2 Ng8 {½-½ (17) Ardic,E-Tabatabai,J Tallinn 1997}) 14. Bxf6 Qxf6 15. Nd4 Qg6 ({Better is} 15... Qe5 $14) 16. Qf4 (16. f3 $1 $16) 16... Nf6 17. Ncb5 Kh8 18. Rac1 Bd7 19. Rc3 Nh5 $2 (19... Qe8 $11 {and Black stays safe.}) 20. Bxh5 $18 Qxh5 21. Rg3 (21. c5 $18) 21... Rg8 $2 {[%mdl 8192] [#]} (21... Qf7 $14) 22. Re1 $2 (22. Nxc7 $1 $18 {[%mdl 512]} Nxc7 23. Qxd6 {[%mdl 64] Double Attack}) 22... Rxg3 $14 23. fxg3 {Threatens to win with Nxc7!} ({Much weaker is} 23. Qxg3 $6 Rg8 $11) 23... Rg8 $2 {[#]} (23... Qg6 $1 $14) 24. Nxc7 $1 $18 {[%mdl 512]} Qg6 (24... Nxc7 $142 25. Qxd6 {[%mdl 64] Double Attack} Qg6 26. Qxc7 {[%mdl 64] Double Attack} Qxg3 27. Qxg3 Rxg3) 25. Nxa6 bxa6 26. Kh2 Qf6 $2 {[#]} (26... Rc8 27. g4 fxg4) 27. Rxe4 $1 {[%mdl 576] Pin. White is clearly winning.} a4 (27... Qg5 $142) 28. Re2 h5 29. Ne6 {Weighted Error Value: White=0.50/Black=0.91} 1-0

[Event "Israel-ch Women 2021"]
[Site "Haifa"]
[Date "2021.03.12"]
[Round "6.5"]
[White "Golovchanskaya, Alina"]
[Black "Levitan, Ronit"]
[Result "0-1"]
[WhiteElo "1681"]
[BlackElo "2048"]
[Annotator "TA"]
[PlyCount "100"]
[EventDate "2021.01.10"]
[EventType "swiss"]
[EventCountry "ISR"]
[SourceTitle "playchess.com"]
[Source "ChessBase"]
[SourceQuality "1"]

{[%evp 19,99,20,33,27,31,25,33,26,21,-10,-5,-14,-2,-6,-6,-20,0,0,16,5,26,-27,-34,-42,-15,-10,-26,-6,-22,-19,0,0,0,0,0,0,163,169,205,116,121,116,122,87,125,142,101,141,163,75,83,-93,-91,-445,-304,-249,45,-758,-774,-29985,-29986,-29991,-29992,-29992,-29993,-29993,-29991,-29991,-29992,-29992,-29993,-29994,-29994,-29995,-29995,-29995,-29996,-29996,-29997,-29997,-29998,-29999]} 1. Nf3 d5 2. c4 e6 3. Nc3 Nf6 4. d4 Be7 5. Bg5 O-O 6. e3 b6 7. cxd5 exd5 8. Bd3 Nbd7 9. Qc2 Bb7 10. O-O c5 11. Bf5 {D55: Queen's Gambit Declined: 4 Bg5 Be7: Lines without ...h6 and 6...h6 7 Bxf6.} g6 12. Bh3 Ne4 13. Bh6 {White is slightly better.} Re8 14. dxc5 Ndxc5 15. Rfd1 Nxc3 16. Qxc3 {[%csl Gh6][%cal Rc3g7]} Bf6 17. Qc2 Qe7 18. Rac1 {[#]} Rad8 $146 ({Predecessor:} 18... Ne6 19. Qd2 Rac8 20. Rxc8 Rxc8 21. Nd4 Rc4 22. b3 Rc5 23. g3 Rc8 24. Bg4 Rd8 {1-0 (33) Gerstner,W (2380)-Roos,J (2315) Germany 2004}) 19. Nd4 Be5 20. b4 (20. g3 $142) 20... Ne4 $11 21. f3 {[#]} Qh4 22. Bf4 {[%cal Rf4e5]} Bxf4 23. exf4 Nd6 24. f5 $1 Nc4 25. fxg6 hxg6 26. Qf2 Qe7 27. b5 {[%cal Bb4b5,Bb5c6,Bc6c7][%mdl 32]} Ne3 $2 (27... Qf6 $11 {and Black is okay.}) 28. Re1 $18 {Threatens to win with Rc3.} Qe5 29. Nc6 (29. Qd2 $1 $18) 29... Bxc6 $16 30. bxc6 f5 31. f4 Qe6 32. c7 Rc8 33. Qd2 Qe4 34. g3 (34. Rc3 $1 $18 {[%cal Rc3e3] is more deadly.} d4 35. Rd3) 34... Kf7 35. g4 $2 {[#]} (35. Re2 $1 $16 {and life is bright.} Nc4 36. Rxe4 {[%mdl 64] Pin} Nxd2 37. Rxe8 Kxe8 38. Rc6) 35... d4 $1 $17 {Strongly threatening ...Qf3.} 36. Qb4 $2 {[%mdl 8192]} (36. Qf2 $17) 36... fxg4 37. Bf1 {[#] next Qd6 is good for White.} Qxf4 (37... g3 $1 $19 {[%cal Rg3h2] ( -> ...gxh2+)} 38. Re2 Qxf4 39. hxg3 Qxg3+ 40. Bg2 Qe5) 38. Bc4+ $2 {[%mdl 8192]} (38. Bb5 $14 Kg8 39. Qb3+ Kg7 40. Bxe8) 38... Kg7 $19 {And now ...g3 would win.} 39. Ba6 g3 {Black mates.} 40. Qd2 gxh2+ 41. Qxh2 Qg4+ 42. Kh1 Qe4+ 43. Kg1 {[#]} Re5 $1 {[%mdl 512]} 44. Qg3 Rh8 {[%cal Bc8h8,Bh8h1,Bh1h2][%mdl 32]} ({Inferior is} 44... Ree8 45. Bxc8 Rxc8 46. Re2 $16) 45. Bb7 Rh1+ $1 46. Kf2 Ng4+ 47. Qxg4 Rh2+ 48. Kf1 Rf5+ 49. Qxf5 Qxf5+ 50. Kg1 Qf2# {Weighted Error Value: White=0.67/Black=0.30} 0-1